| 000 | 00354 a2200121 4500 | ||
|---|---|---|---|
| 001 | ART_47834 | ||
| 005 | 20260410161630.0 | ||
| 008 | 260409a | ||
| 245 | 1 | 0 | _aAristóteles y la implementación de sistemas de costos |
| 100 | 1 | _aSardi, Jorge Carlos | |
| 700 | 1 | _aDrezek, Xoana I. | |
| 773 | 0 |
_tEnfoques _g- N°10 (oct. 2018) _wREV416 |
|
| 999 |
_c12413 _d12413 |
||